000 00659nam a2200229Ia 4500
001 9910
003 GE_BSU
008 181216s||||||||xx |||||||||||||| ||und||
040 _cGE_BSU
245 _aГенетика.Том 50,№3 март 2014
245 _bЕжемесячный журнал.
245 _cГл.ред.С.В.Шестаков
260 _aМосква
260 _bНаука
260 _c2014
300 _a368стрю29см
653 _aГенетика.Том 50,№3 март 2014
653 _aЕжемесячный журнал.
653 _aПериодика
653 _aპერიოდიკა
942 _cCR
999 _c43188
_d43188